Loading...
| Fine Arts - Classical Music | 0 | 11 | 0 | 1 | 110 | 70 | 106.00 | 1 | 4 | 15.78 | 35.67 |
| Fine Arts - Other | 0 | 5 | 1 | 0 | 45 | 85 | 105.20 | 0 | 1 | 7.36 | 20.49 |
| History - Other | 0 | 3 | 0 | 1 | 30 | 84 | 106.33 | 0 | 1 | 3.44 | 10.98 |
| Literature - World | 0 | 3 | 0 | 1 | 30 | 125 | 134.33 | 0 | 0 | 1.49 | 6.30 |
| Philosophy | 0 | 2 | 0 | 0 | 20 | 107 | 124.50 | 0 | 0 | 1.89 | 6.86 |
| Other Academic | 0 | 2 | 0 | 0 | 20 | 78 | 88.00 | 0 | 1 | 7.47 | 12.83 |
| Literature - American | 0 | 2 | 1 | 0 | 15 | 137 | 138.50 | 0 | 0 | 1.38 | 9.14 |
| Literature - European | 0 | 2 | 1 | 0 | 15 | 86 | 100.50 | 0 | 1 | 3.93 | 10.18 |
| History - European | 0 | 1 | 0 | 0 | 10 | 90 | 90.00 | 0 | 0 | 1.87 | 5.15 |
| Literature - British | 0 | 1 | 0 | 0 | 10 | 86 | 86.00 | 0 | 0 | 2.64 | 5.04 |
| Social Science | 0 | 1 | 0 | 0 | 10 | 107 | 107.00 | 0 | 0 | 1.04 | 2.81 |
| History - American | 0 | 1 | 0 | 0 | 10 | 131 | 131.00 | 0 | 0 | 0.57 | 4.41 |
| Geography | 0 | 1 | 0 | 1 | 10 | 130 | 130.00 | 0 | 0 | 0.73 | 5.95 |
| History - World | 0 | 1 | 0 | 0 | 10 | 120 | 120.00 | 0 | 0 | 0.69 | 3.43 |
| Science - Physics | 0 | 0 | 0 | 0 | 0 | 0.00 | 0 | 0 | 0.00 | 0.00 | |
| Mythology | 0 | 0 | 1 | 0 | -5 | 0.00 | 0 | 0 | 0.00 | 0.00 | |
| Fine Arts - Painting & Sculpture | 0 | 0 | 2 | 0 | -10 | 0.00 | 0 | 0 | 0.00 | 0.00 |